[Event "Havana Giraldilla op"]
[Site "Havana"]
[Date "2024.08.17"]
[Round "9"]
[White "Hernandez Ortega, Javier Enrique"]
[Black "Hedman Senarega, Jose Antonio"]
[Result "1-0"]
[WhiteElo "1888"]
[BlackElo "2045"]
[PlyCount "87"]
[EventDate "2024.08.12"]
[EventType "swiss"]
[EventRounds "9"]
[EventCountry "CUB"]
[SourceTitle "CBM 221 Extra"]
[Source "ChessBase"]
[SourceDate "2024.09.30"]
[SourceVersion "1"]
[SourceVersionDate "2024.09.30"]
[SourceQuality "1"]

1. d4 Nf6 2. Nf3 g6 3. c4 c5 4. d5 d6 5. Nc3 Bg7 6. e4 0-0 7. Bd3 a6 8. a4 Bg4 9. h3 Bxf3 10. Qxf3 Nbd7 11. Qe2 e6 12. 0-0 exd5 13. cxd5 Rb8 14. Bf4 Qc7 15. Bh2 Rfe8 16. f4 Nxe4 17. Nxe4 f5 18. Qc2 c4 19. Ng5 Qb6+ 20. Kh1 cxd3 21. Qxd3 Nc5 22. Qc4 Qxb2 23. Ne6 Nxe6 24. dxe6 Re7 25. Rad1 b5 26. axb5 axb5 27. Qd5 Qa3 28. Bg1 Qa6 29. Rc1 b4 30. Rf3 Rb5 31. Qc4 h5 32. Rd3 Kh7 33. Rcd1 Qb7 34. Rxd6 Rc7 35. Qxc7 Qxc7 36. Rd7 Qxf4 37. e7 Re5 38. Bd4 b3 39. e8Q Rxe8 40. Bxg7 Qc4 41. Be5+ Kh6 42. Bg7+ Kg5 43. R1d4 Qc6 44. h4# 1-0

[Event "Havana Giraldilla op"]
[Site "Havana"]
[Date "2024.08.15"]
[Round "7"]
[White "Ricardo Perez, Josue Marcelo"]
[Black "Hedman Senarega, Jose Antonio"]
[Result "1/2-1/2"]
[WhiteElo "2010"]
[BlackElo "2045"]
[PlyCount "80"]
[EventDate "2024.08.12"]
[EventType "swiss"]
[EventRounds "9"]
[EventCountry "CUB"]
[SourceTitle "CBM 221 Extra"]
[Source "ChessBase"]
[SourceDate "2024.09.30"]
[SourceVersion "1"]
[SourceVersionDate "2024.09.30"]
[SourceQuality "1"]

1. e4 e5 2. Nf3 Nc6 3. Bb5 a6 4. Ba4 Nf6 5. d3 d6 6. c3 g6 7. h3 Bg7 8. Nbd2 0-0 9. 0-0 Nh5 10. Bxc6 bxc6 11. d4 Nf4 12. dxe5 dxe5 13. Nc4 Qe7 14. Bxf4 exf4 15. Qa4 Qxe4 16. Rfe1 Qd5 17. Nce5 Qb5 18. Qxf4 Qxb2 19. Qc4 Qb5 20. Qh4 h6 21. Nd4 Qa4 22. Qe7 Qa5 23. Ndxc6 Qxc3 24. Qxc7 Bxe5 25. Ne7+ Kg7 26. Qxe5+ Qxe5 27. Rxe5 Be6 28. Nc6 Rfc8 29. Nd4 Kf6 30. Ra5 Bc4 31. Rc1 Bd3 32. Rd1 Rc3 33. Nb3 Bb5 34. a4 Be2 35. Rd6+ Kg7 36. Nd4 Rc1+ 37. Kh2 Re8 38. Rad5 Bf1 39. Rc6 Ra1 40. a5 h5 1/2-1/2

[Event "Havana Giraldilla op"]
[Site "Havana"]
[Date "2024.08.14"]
[Round "5"]
[White "Fonseca Perez, Basilio"]
[Black "Hedman Senarega, Jose Antonio"]
[Result "0-1"]
[WhiteElo "2034"]
[BlackElo "2045"]
[PlyCount "84"]
[EventDate "2024.08.12"]
[EventType "swiss"]
[EventRounds "9"]
[EventCountry "CUB"]
[SourceTitle "CBM 221 Extra"]
[Source "ChessBase"]
[SourceDate "2024.09.30"]
[SourceVersion "1"]
[SourceVersionDate "2024.09.30"]
[SourceQuality "1"]

1. d4 d5 2. Bf4 c5 3. e3 cxd4 4. exd4 Nc6 5. Nf3 Bf5 6. Nbd2 e6 7. Be2 Qb6 8. Nb3 Nb4 9. Bd3 Nxd3+ 10. cxd3 Qb5 11. Ke2 Rc8 12. Nh4 Ne7 13. Bd6 Ng6 14. Nxf5 exf5 15. Bxf8 Kxf8 16. Qd2 Re8+ 17. Kf3 f6 18. h4 h5 19. Rac1 f4 20. g3 Qd7 21. Kg2 Qg4 22. Rce1 Kf7 23. Qd1 f3+ 24. Kf1 Nf4 25. Nd2 Rxe1+ 26. Kxe1 Re8+ 27. Kf1 Re2 28. Rh2 Nxd3 29. Nxf3 Re1+ 30. Qxe1 Nxe1 31. Nxe1 Qxd4 32. b3 Qb2 33. Nd3 Qxa2 34. b4 Qd2 35. Ne1 b5 36. Rg2 Qxb4 37. f3 a5 38. Rc2 a4 39. Ke2 a3 40. Nd3 Qb1 41. Rc1 a2 42. Rc7+ Kg8 0-1

[Event "Havana Giraldilla op"]
[Site "Havana"]
[Date "2024.08.12"]
[Round "2"]
[White "Hedman Senarega, Jose Antonio"]
[Black "Munoz Pena, Diego Alejandro"]
[Result "1-0"]
[WhiteElo "2045"]
[BlackElo "1793"]
[PlyCount "71"]
[EventDate "2024.08.12"]
[EventType "swiss"]
[EventRounds "9"]
[EventCountry "CUB"]
[SourceTitle "CBM 221 Extra"]
[Source "ChessBase"]
[SourceDate "2024.09.30"]
[SourceVersion "1"]
[SourceVersionDate "2024.09.30"]
[SourceQuality "1"]

1. d4 d5 2. Nf3 Nf6 3. c4 c6 4. Nc3 dxc4 5. a4 Bf5 6. e3 e6 7. Bxc4 Be7 8. Qe2 Nbd7 9. e4 Bg4 10. Be3 Nb6 11. Bb3 Bb4 12. Bc2 Bxf3 13. gxf3 Qc7 14. f4 h5 15. a5 Nbd7 16. a6 b5 17. 0-0 Bxc3 18. bxc3 Nb6 19. Bd3 h4 20. d5 cxd5 21. Bxb5+ Kf8 22. e5 Nfd7 23. Bd4 h3 24. Kh1 Nc5 25. Rab1 Qc8 26. Rg1 g6 27. Rg3 Ne4 28. Re3 Nc5 29. Qg4 Nxa6 30. Rxh3 Rg8 31. Qg5 Nd7 32. f5 Nc7 33. fxg6 fxg6 34. Rf3+ Ke8 35. Bc5 Qd8 36. Qxg6+ 1-0

[Event "Havana Gilberto Garcia Memorial-A"]
[Site "Havana"]
[Date "2024.03.02"]
[Round "6"]
[White "Mora Heredia, Yoleysi"]
[Black "Hedman Senarega, Jose Antonio"]
[Result "0-1"]
[WhiteElo "1949"]
[BlackElo "1982"]
[PlyCount "72"]
[EventDate "2024.02.24"]
[EventType "tourn"]
[EventRounds "9"]
[EventCountry "CUB"]
[SourceTitle "CBM 219 Extra"]
[Source "ChessBase"]
[SourceDate "2024.05.31"]
[SourceVersion "1"]
[SourceVersionDate "2024.05.31"]
[SourceQuality "1"]

1. e4 e6 2. d4 d5 3. Nc3 Bb4 4. e5 Ne7 5. a3 Bxc3+ 6. bxc3 c5 7. h4 Qc7 8. Bd2 Nbc6 9. Nf3 Bd7 10. h5 h6 11. Bd3 0-0-0 12. Rh4 f6 13. exf6 gxf6 14. Qc1 e5 15. dxe5 fxe5 16. Bb5 e4 17. Bxc6 Qxc6 18. Nh2 d4 19. cxd4 cxd4 20. Qb2 Nf5 21. Rf4 e3 22. fxe3 dxe3 23. Bc3 Qd6 24. Qb4 Rhg8 25. Qxd6 Nxd6 26. Be5 Bb5 27. a4 Ba6 28. g4 Nc4 29. Bd4 Rgf8 30. Rxf8 Rxf8 31. g5 Rf4 32. 0-0-0 e2 33. Re1 Rxd4 34. Rxe2 hxg5 35. h6 Rh4 36. Nf3 Rxh6 0-1

[Event "Havana Gilberto Garcia Memorial-A"]
[Site "Havana"]
[Date "2024.02.24"]
[Round "2"]
[White "Mendoza Novo, Gustavo Jose"]
[Black "Hedman Senarega, Jose Antonio"]
[Result "0-1"]
[WhiteElo "1837"]
[BlackElo "1982"]
[PlyCount "88"]
[EventDate "2024.02.24"]
[EventType "tourn"]
[EventRounds "9"]
[EventCountry "CUB"]
[SourceTitle "CBM 219 Extra"]
[Source "ChessBase"]
[SourceDate "2024.05.31"]
[SourceVersion "1"]
[SourceVersionDate "2024.05.31"]
[SourceQuality "1"]

1. c4 e5 2. e4 Bc5 3. d3 Nc6 4. Nf3 d6 5. Be3 Nge7 6. a3 a5 7. Be2 0-0 8. Nc3 f5 9. Bxc5 dxc5 10. exf5 Nxf5 11. 0-0 Nfd4 12. Nxd4 Nxd4 13. Bg4 Bxg4 14. Qxg4 Ra6 15. Kh1 Rf4 16. Qh5 Rf5 17. Qg4 Rh6 18. Qe4 c6 19. Ne2 Rh4 20. f4 Nxe2 21. Qxe2 Rhxf4 22. Rxf4 exf4 23. Re1 h6 24. h3 Kh7 25. Qe4 Qf6 26. b3 h5 27. a4 Kh6 28. Qe6 f3 29. Qxf6+ Rxf6 30. gxf3 Rxf3 31. Re7 Rxh3+ 32. Kg2 Rxd3 33. Rxb7 g6 34. Rb6 Rd6 35. Ra6 Rd2+ 36. Kf1 h4 37. Rxc6 h3 38. Kg1 Kh5 39. Rxc5+ Kh4 40. Rd5 Rg2+ 41. Kf1 g5 42. c5 g4 43. c6 Rc2 44. Rd6 Rc1+ 0-1

[Event "Varadero op-A"]
[Site "Varadero"]
[Date "2023.10.05"]
[Round "5"]
[White "Hedman Senarega, Jose Antonio"]
[Black "Chavez Oropesa, Daniel Alejandro"]
[Result "1-0"]
[WhiteElo "2042"]
[BlackElo "1809"]
[PlyCount "57"]
[EventDate "2023.10.03"]
[EventType "swiss"]
[EventRounds "9"]
[EventCountry "CUB"]
[SourceTitle "EXT 2025"]
[Source "ChessBase"]
[SourceDate "2024.10.14"]
[SourceVersion "1"]
[SourceVersionDate "2024.10.14"]
[SourceQuality "1"]

1. d4 f5 2. e4 fxe4 3. Nc3 Nf6 4. Bg5 g6 5. h4 Bg7 6. Bc4 c6 7. h5 h6 8. Bxf6 exf6 9. hxg6 d5 10. Bb3 Qd6 11. Nge2 Bg4 12. Qd2 Bxe2 13. Nxe2 f5 14. c4 Na6 15. cxd5 Nb4 16. dxc6 Nd3+ 17. Kf1 bxc6 18. Bf7+ Ke7 19. Ng3 Qd7 20. Rh5 Rab8 21. Nxf5+ Kf8 22. Bb3 Rb5 23. g4 Bxd4 24. Nxd4 Rxh5 25. Ne6+ Ke7 26. gxh5 Rf8 27. Qxh6 Rxf2+ 28. Kg1 Ne5 29. Qg7+ 1-0

[Event "Varadero op-A"]
[Site "Varadero"]
[Date "2023.10.04"]
[Round "3"]
[White "Hedman Senarega, Jose Antonio"]
[Black "Venero Noda, Massiel"]
[Result "1/2-1/2"]
[WhiteElo "2042"]
[BlackElo "1849"]
[PlyCount "160"]
[EventDate "2023.10.03"]
[EventType "swiss"]
[EventRounds "9"]
[EventCountry "CUB"]
[SourceTitle "EXT 2025"]
[Source "ChessBase"]
[SourceDate "2024.10.14"]
[SourceVersion "1"]
[SourceVersionDate "2024.10.14"]
[SourceQuality "1"]

1. c4 e5 2. Nc3 Nf6 3. Nf3 Nc6 4. g3 d5 5. cxd5 Nxd5 6. Bg2 Nb6 7. 0-0 Be6 8. d3 Be7 9. a3 0-0 10. b4 f6 11. Be3 Nd5 12. Rc1 Nxc3 13. Rxc3 Nd4 14. Qd2 c6 15. Rb1 Nb5 16. a4 Nxc3 17. Qxc3 Bd5 18. b5 cxb5 19. axb5 Qd7 20. d4 Rfc8 21. Qb2 Be4 22. Nxe5 fxe5 23. Bxe4 exd4 24. Qxd4 Qxd4 25. Bxd4 Rd8 26. e3 Bf6 27. Bxf6 gxf6 28. Bxb7 Rab8 29. Be4 Kg7 30. Kg2 Rd6 31. Ra1 Rd7 32. Bc6 Re7 33. Kf3 Rd8 34. Ra2 Rd6 35. h4 Kg6 36. Kf4 Rd1 37. Rc2 Kg7 38. g4 Rb1 39. Rc5 Rd1 40. Be4 Rd6 41. g5 a6 42. bxa6 Rxa6 43. f3 Rae6 44. Rc8 fxg5+ 45. hxg5 Re8 46. Rc3 R6e7 47. Bd5 h6 48. gxh6+ Kxh6 49. e4 Rf8+ 50. Ke3 Kg5 51. Rc1 Ra7 52. Rg1+ Kf6 53. f4 Ra3+ 54. Kd4 Ra4+ 55. Kc5 Rc8+ 56. Kb5 Rd4 57. Ra1 Rd2 58. Ra6+ Ke7 59. Ra7+ Kf8 60. Rf7+ Ke8 61. Rh7 Rc1 62. Rh3 Rb2+ 63. Bb3 Rcb1 64. Kc4 Ke7 65. e5 Rf1 66. Rh7+ Kf8 67. Rh4 Rbf2 68. Kd5 Rxf4 69. Rh8+ Ke7 70. Rb8 Rh4 71. Rb7+ Kd8 72. Kd6 Kc8 73. Rg7 Rf8 74. Bd5 Rd8+ 75. Kc5 Rh5 76. Re7 Rh2 77. Bc4 Rc2 78. e6 Rh8 79. Ra7 Kb8 80. Ra4 Rc8+ 1/2-1/2

[Event "Varadero op-A"]
[Site "Varadero"]
[Date "2023.10.04"]
[Round "4"]
[White "Hernandez Elias, Yurislandy"]
[Black "Hedman Senarega, Jose Antonio"]
[Result "1-0"]
[WhiteElo "1912"]
[BlackElo "2042"]
[PlyCount "127"]
[EventDate "2023.10.03"]
[EventType "swiss"]
[EventRounds "9"]
[EventCountry "CUB"]
[SourceTitle "EXT 2025"]
[Source "ChessBase"]
[SourceDate "2024.10.14"]
[SourceVersion "1"]
[SourceVersionDate "2024.10.14"]
[SourceQuality "1"]

1. e4 e6 2. d4 d5 3. e5 c5 4. c3 Nc6 5. Nf3 Bd7 6. Bd3 cxd4 7. cxd4 Qb6 8. Bc2 Nb4 9. 0-0 Nxc2 10. Qxc2 Rc8 11. Nc3 Ne7 12. Qd3 Nc6 13. Re1 h6 14. h3 Be7 15. Rb1 Nb4 16. Qe2 Qa6 17. Bd2 Qxe2 18. Rxe2 a6 19. a3 Nc6 20. Ree1 b5 21. Rec1 0-0 22. b4 Rc7 23. Ne2 Rfc8 24. Ne1 Na7 25. Nd3 Rc4 26. Nc5 Bxc5 27. Rxc4 dxc4 28. dxc5 Nc6 29. Bc3 Ne7 30. Nf4 Bc6 31. Rd1 Bd5 32. f3 g6 33. Kf2 Kf8 34. g4 Rd8 35. Ng2 Ke8 36. Ne3 Kd7 37. f4 Kc8 38. Rd2 h5 39. g5 Nc6 40. a4 a5 41. axb5 axb4 42. bxc6 bxc3 43. Rc2 Be4 44. Rxc3 Rd2+ 45. Ke1 Rd3 46. Rxd3 Bxd3 47. Kd2 h4 48. Ng2 Kc7 49. Ke3 Kxc6 50. Kd4 Be2 51. Nxh4 Kb5 52. Ng2 Kb4 53. c6 c3 54. Ne3 Kb3 55. h4 c2 56. Nxc2 Kxc2 57. h5 gxh5 58. f5 h4 59. c7 Ba6 60. g6 fxg6 61. fxe6 h3 62. e7 h2 63. e8Q h1Q 64. Qxg6+ 1-0

[Event "Varadero op-A"]
[Site "Varadero"]
[Date "2023.10.03"]
[Round "1"]
[White "Hedman Senarega, Jose Antonio"]
[Black "Herrera Benitez, Felipe"]
[Result "0-1"]
[WhiteElo "2042"]
[BlackElo "1847"]
[PlyCount "46"]
[EventDate "2023.10.03"]
[EventType "swiss"]
[EventRounds "9"]
[EventCountry "CUB"]
[SourceTitle "EXT 2025"]
[Source "ChessBase"]
[SourceDate "2024.10.14"]
[SourceVersion "1"]
[SourceVersionDate "2024.10.14"]
[SourceQuality "1"]

1. c4 Nf6 2. Nc3 c5 3. g3 Nc6 4. Bg2 b6 5. e3 e6 6. Nge2 Bb7 7. d4 cxd4 8. exd4 Bb4 9. 0-0 0-0 10. d5 Ne5 11. Qd4 d6 12. dxe6 Bxg2 13. exf7+ Rxf7 14. Kxg2 Bc5 15. Qh4 Qc7 16. Nf4 Qb7+ 17. Nfd5 Raf8 18. Be3 Bxe3 19. fxe3 Nfg4 20. Ne4 Rxf1 21. Rxf1 Rxf1 22. Kxf1 Qf7+ 23. Kg2 Qf3+ 0-1

[Event "Portela Memorial tt"]
[Site "Havana"]
[Date "2018.07.22"]
[Round "7.3"]
[White "Hedman Senarega, Jose Antonio"]
[Black "Hernandez Barreras, Yerandy Jose"]
[Result "1/2-1/2"]
[WhiteElo "2179"]
[BlackElo "2180"]
[PlyCount "30"]
[EventDate "2018.07.16"]
[EventType "team-tourn"]
[EventRounds "9"]
[EventCountry "CUB"]
[SourceTitle "EXT 2021"]
[Source "ChessBase"]
[SourceDate "2020.10.23"]
[SourceVersion "1"]
[SourceVersionDate "2020.10.23"]
[SourceQuality "1"]

1. e4 e5 2. Nf3 Nc6 3. Bb5 a6 4. Ba4 Nf6 5. 0-0 Be7 6. Re1 b5 7. Bb3 d6 8. c3 0-0 9. d3 Be6 10. Bc2 h6 11. Nbd2 d5 12. Qe2 dxe4 13. dxe4 Re8 14. Nf1 Bf8 15. Rd1 Qe7 1/2-1/2

[Event "Portela Memorial tt"]
[Site "Havana"]
[Date "2018.07.20"]
[Round "4.2"]
[White "Palmero Martinez, Rachel"]
[Black "Hedman Senarega, Jose Antonio"]
[Result "1-0"]
[WhiteElo "2021"]
[BlackElo "2179"]
[PlyCount "43"]
[EventDate "2018.07.16"]
[EventType "team-tourn"]
[EventRounds "9"]
[EventCountry "CUB"]
[SourceTitle "EXT 2021"]
[Source "ChessBase"]
[SourceDate "2020.10.23"]
[SourceVersion "1"]
[SourceVersionDate "2020.10.23"]
[SourceQuality "1"]

1. e4 c5 2. Nf3 d6 3. d4 cxd4 4. Nxd4 Nf6 5. Nc3 a6 6. f3 e5 7. Nb3 Be6 8. Be3 Be7 9. Qd2 Nbd7 10. 0-0-0 b5 11. g4 0-0 12. g5 b4 13. Ne2 Ne8 14. h4 a5 15. Kb1 Nc7 16. h5 d5 17. g6 d4 18. Bh6 gxh6 19. Qxh6 Nf6 20. Rg1 fxg6 21. hxg6 a4 22. gxh7+ 1-0

[Event "Capablanca Memorial op 53rd"]
[Site "Havana"]
[Date "2018.05.11"]
[Round "3"]
[White "Varela, Maria de los Angele"]
[Black "Hedman Senarega, Jose Antonio"]
[Result "0-1"]
[WhiteElo "1794"]
[BlackElo "2157"]
[PlyCount "68"]
[EventDate "2018.05.09"]
[EventType "swiss"]
[EventRounds "10"]
[EventCountry "CUB"]
[SourceTitle "EXT 2019"]
[Source "ChessBase"]
[SourceDate "2018.10.10"]
[SourceVersion "1"]
[SourceVersionDate "2018.10.10"]
[SourceQuality "1"]

1. e4 e6 2. d3 c5 3. Nf3 Nc6 4. g3 g6 5. Bg2 Bg7 6. 0-0 d6 7. c3 e5 8. Re1 Nge7 9. a4 0-0 10. Na3 h6 11. Be3 f5 12. Qd2 Kh7 13. h4 Be6 14. Nh2 Qd7 15. Nc2 Rac8 16. Rad1 Bb3 17. Ra1 f4 18. gxf4 exf4 19. Bxf4 Bxc2 20. Bg3 Bb3 21. f4 Be6 22. Qe2 Rg8 23. Bf3 Rcf8 24. Kh1 h5 25. Rg1 Bh6 26. f5 gxf5 27. Bxh5 f4 28. Bf2 Ne5 29. d4 Bc4 30. Qd1 Nd3 31. Qf3 Qh3 32. Rg2 Rxg2 33. Qxg2 Rg8 34. Bg4 Rxg4 0-1

[Event "Capablanca Memorial op 53rd"]
[Site "Havana"]
[Date "2018.05.09"]
[Round "1"]
[White "Fernandez Bustamante, Leancy B"]
[Black "Hedman Senarega, Jose Antonio"]
[Result "1-0"]
[WhiteElo "1923"]
[BlackElo "2157"]
[PlyCount "98"]
[EventDate "2018.05.09"]
[EventType "swiss"]
[EventRounds "10"]
[EventCountry "CUB"]
[SourceTitle "EXT 2019"]
[Source "ChessBase"]
[SourceDate "2018.10.10"]
[SourceVersion "1"]
[SourceVersionDate "2018.10.10"]
[SourceQuality "1"]

1. e4 e6 2. d4 d5 3. exd5 exd5 4. Bd3 c5 5. Qe2+ Be6 6. Nf3 Nc6 7. dxc5 Bxc5 8. 0-0 Qd6 9. Bg5 Nge7 10. Nc3 0-0 11. Nb5 Qd7 12. Ne5 Nxe5 13. Qxe5 a6 14. Nd4 Ng6 15. Bxg6 hxg6 16. Nxe6 fxe6 17. Be3 Rf5 18. Qg3 d4 19. Rad1 Rd5 20. Bc1 Qf7 21. Rd3 Rf5 22. f3 e5 23. Re1 Re8 24. Re4 Qxa2 25. Qxg6 Qf7 26. Qxf7+ Kxf7 27. Kf1 Rc8 28. g4 Rf6 29. Rxe5 Ba7 30. c3 b5 31. Bg5 Re6 32. Rxe6 Kxe6 33. cxd4 Kd5 34. h4 a5 35. Ke2 a4 36. Bd2 Rc4 37. h5 b4 38. g5 b3 39. h6 gxh6 40. gxh6 Rc7 41. Bg5 Rc2+ 42. Bd2 Rc7 43. Bg5 Rb7 44. Bc1 a3 45. bxa3 b2 46. Bxb2 Rxb2+ 47. Rd2 Rb6 48. Kd3 Rxh6 49. Rg2 Ra6 1-0

[Event "Giraldilla de La Habana tt"]
[Site "Havana"]
[Date "2018.??.??"]
[Round "4.3"]
[White "Echevarria Cuesta, Pedro Geovany"]
[Black "Hedman Senarega, Jose Antonio"]
[Result "1/2-1/2"]
[WhiteElo "2208"]
[BlackElo "2179"]
[PlyCount "46"]
[EventDate "2018.07.27"]
[EventType "team-tourn"]
[EventRounds "9"]
[EventCountry "CUB"]
[SourceTitle "EXT 2021"]
[Source "ChessBase"]
[SourceDate "2020.10.23"]
[SourceVersion "1"]
[SourceVersionDate "2020.10.23"]
[SourceQuality "1"]

1. e4 e6 2. d4 d5 3. Nc3 Nf6 4. e5 Nfd7 5. f4 c5 6. Nf3 Nc6 7. Be3 cxd4 8. Nxd4 Bc5 9. Qd2 Qb6 10. Na4 Qb4 11. Nxc5 Qxd2+ 12. Kxd2 Nxc5 13. Bd3 Nxd3 14. cxd3 Nxd4 15. Bxd4 Bd7 16. Rhc1 Bc6 17. a4 a5 18. b3 Kd7 19. Ke3 h5 20. g3 Rh6 21. Rf1 f5 22. h4 Rhh8 23. Rfc1 Rhb8 1/2-1/2

[Event "Giraldilla de La Habana tt"]
[Site "Havana"]
[Date "2018.??.??"]
[Round "3.4"]
[White "Hedman Senarega, Jose Antonio"]
[Black "Gil Alba, Hector Luis"]
[Result "1/2-1/2"]
[WhiteElo "2179"]
[BlackElo "2245"]
[PlyCount "134"]
[EventDate "2018.07.27"]
[EventType "team-tourn"]
[EventRounds "9"]
[EventCountry "CUB"]
[SourceTitle "EXT 2021"]
[Source "ChessBase"]
[SourceDate "2020.10.23"]
[SourceVersion "1"]
[SourceVersionDate "2020.10.23"]
[SourceQuality "1"]

1. d4 d5 2. Nf3 Nf6 3. Bf4 e6 4. e3 Bd6 5. Bg3 Nbd7 6. c4 Qe7 7. Nc3 c6 8. Bd3 0-0 9. Ne5 Rd8 10. f4 dxc4 11. Nxc4 Bc7 12. 0-0 Nd5 13. Qf3 Nf8 14. Rad1 c5 15. Be4 Nxc3 16. bxc3 Rb8 17. Qh5 Bd7 18. Ne5 Ba4 19. Rb1 f6 20. Bh4 Qe8 21. Qxe8 Rxe8 22. Nd3 b6 23. Nb2 Bb5 24. c4 Ba6 25. Bg3 f5 26. Bc6 Rec8 27. d5 Bd8 28. e4 Bb7 29. Bxb7 Rxb7 30. e5 Kf7 31. Na4 exd5 32. cxd5 c4 33. Nc3 a6 34. a4 Rcb8 35. Rb4 Rc8 36. Rc1 b5 37. axb5 Ba5 38. Rbb1 Bxc3 39. Rxc3 axb5 40. Be1 Rc5 41. e6+ Ke8 42. Rd1 b4 43. Re3 c3 44. d6 Nxe6 45. Rxe6+ Kf7 46. Re5 Rxe5 47. fxe5 c2 48. Rc1 b3 49. Bc3 b2 50. Bxb2 Rxb2 51. Kf2 Ke6 52. Ke3 Rb5 53. Rxc2 Rxe5+ 54. Kf4 Re4+ 55. Kf3 Kxd6 56. Rc8 Ke7 57. h3 Ra4 58. g3 Kf7 59. Rc6 Re4 60. h4 Re6 61. Rc8 Kg6 62. Rc7 Ra6 63. Rb7 Kf6 64. Rc7 h6 65. Rc8 Ra3+ 66. Kg2 f4 67. Rf8+ Kg6 1/2-1/2

[Event "Capablanca Memorial op-B 45th"]
[Site "Havana"]
[Date "2011.05.17"]
[Round "6"]
[White "Aguilera Rodriguez, Alfredo R"]
[Black "Hedman Senarega, Jose Antonio"]
[Result "1-0"]
[WhiteElo "2242"]
[BlackElo "2204"]
[PlyCount "95"]
[EventDate "2011.05.11"]
[EventType "swiss"]
[EventRounds "7"]
[EventCountry "CUB"]
[SourceTitle "CBM 142 Extra"]
[Source "ChessBase"]
[SourceDate "2011.06.27"]
[SourceVersion "1"]
[SourceVersionDate "2011.06.27"]
[SourceQuality "1"]

1. e4 e5 2. Nf3 Nc6 3. Bb5 a6 4. Ba4 Nf6 5. 0-0 Be7 6. Re1 b5 7. Bb3 d6 8. c3 0-0 9. h3 h6 10. d4 Re8 11. Nbd2 Bf8 12. Nf1 Bd7 13. Ng3 Na5 14. Bc2 c5 15. b3 Nc6 16. Bb2 Qc7 17. Qd2 Rac8 18. d5 Ne7 19. c4 Ng6 20. Nf5 Rb8 21. Bc3 Qc8 22. g3 Be7 23. Nh2 Bf8 24. f3 Nh5 25. Nf1 Qd8 26. Qh2 Bc8 27. N1e3 Ne7 28. Ng4 Nxf5 29. exf5 Be7 30. Nf2 b4 31. Bb2 Bd7 32. h4 Qc8 33. g4 Nf4 34. Bc1 Qd8 35. h5 a5 36. Ne4 Bh4 37. Rf1 Qe7 38. Bd2 a4 39. Kh1 Bg5 40. bxa4 Ra8 41. a3 b3 42. Bxb3 Bxa4 43. Bxa4 Rxa4 44. Rfb1 Ra6 45. Bc1 Rea8 46. Ra2 Rb8 47. Qc2 Rxb1 48. Qxb1 1-0

[Event "Capablanca Memorial op-B 45th"]
[Site "Havana"]
[Date "2011.05.13"]
[Round "3"]
[White "Hedman Senarega, Jose Antonio"]
[Black "Varela la Madrid, Tilsia Carolin"]
[Result "1/2-1/2"]
[WhiteElo "2204"]
[BlackElo "2044"]
[PlyCount "58"]
[EventDate "2011.05.11"]
[EventType "swiss"]
[EventRounds "7"]
[EventCountry "CUB"]
[SourceTitle "CBM 142 Extra"]
[Source "ChessBase"]
[SourceDate "2011.06.27"]
[SourceVersion "1"]
[SourceVersionDate "2011.06.27"]
[SourceQuality "1"]

1. d4 d5 2. Nf3 Nf6 3. Bf4 Bf5 4. e3 Nbd7 5. Nbd2 e6 6. h3 Bd6 7. Be2 0-0 8. Bxd6 cxd6 9. 0-0 Rc8 10. c3 Ne4 11. Nxe4 dxe4 12. Nd2 Qg5 13. Bg4 d5 14. Bxf5 exf5 15. f4 Qe7 16. Qb3 Nb6 17. Rac1 Rc6 18. c4 dxc4 19. Qb5 Qe6 20. Rc2 Rfc8 21. Rfc1 g6 22. Kf2 a6 23. Qa5 Nd5 24. Rxc4 Rxc4 25. Rxc4 Rxc4 26. Nxc4 Nxf4 27. Qd8+ Kg7 28. Nd6 Nd3+ 29. Kg1 h5 1/2-1/2

[Event "Havana Province-ch sf Fase 1"]
[Site "Havana"]
[Date "2010.05.15"]
[Round "7"]
[White "Hedman Senarega, Jose Antonio"]
[Black "Pino Perez, Lazaro"]
[Result "1-0"]
[WhiteElo "2235"]
[BlackElo "2079"]
[PlyCount "115"]
[EventDate "2010.05.05"]
[EventType "swiss"]
[EventRounds "9"]
[EventCountry "CUB"]
[EventCategory "1"]
[SourceTitle "EXT 2019"]
[Source "ChessBase"]
[SourceDate "2018.10.10"]
[SourceVersion "1"]
[SourceVersionDate "2018.10.10"]
[SourceQuality "1"]

1. d4 d5 2. Nf3 e6 3. c4 Nf6 4. Nc3 Be7 5. e3 0-0 6. Bd3 c5 7. 0-0 Nc6 8. a3 b6 9. cxd5 exd5 10. h3 Be6 11. Re1 a6 12. b3 b5 13. dxc5 Bxc5 14. Ne2 Ne4 15. Bb2 Rc8 16. Rc1 Qe7 17. b4 Bd6 18. Ned4 Nxd4 19. Bxd4 Ng5 20. Nxg5 Qxg5 21. Qf3 Rxc1 22. Rxc1 Rc8 23. Rxc8+ Bxc8 24. Kf1 Be6 25. Qe2 Bf5 26. Qc2 Bxd3+ 27. Qxd3 Qe7 28. Qc3 f6 29. Qc8+ Kf7 30. Qxa6 Qc7 31. Qa7 Qxa7 32. Bxa7 f5 33. Ke2 g6 34. Kd3 Be5 35. Bd4 Bd6 36. Kc3 Ke6 37. Kb3 Kd7 38. a4 Kc6 39. a5 Kb7 40. Bc5 Be5 41. Kc2 h5 42. Kd3 g5 43. Bd4 Bd6 44. Bc3 Be7 45. f3 Kc6 46. g4 fxg4 47. fxg4 hxg4 48. hxg4 Kb7 49. Kc2 Ka6 50. Kb3 Kb7 51. Bd4 Ka6 52. Kc3 Kb7 53. Bc5 Bf6+ 54. Kd3 Ka6 55. Bd4 Be7 56. Bc3 Kb7 57. Bd2 Ka6 58. Kd4 1-0

[Event "Havana Provincial sf"]
[Site "Havana"]
[Date "1999.??.??"]
[Round "?"]
[White "Hedman Senarega, Jose Antonio"]
[Black "Bosch, Jaqueline"]
[Result "1-0"]
[WhiteElo "2282"]
[BlackElo "2093"]
[PlyCount "61"]
[EventDate "1999.??.??"]
[EventType "swiss"]
[EventRounds "9"]
[EventCountry "CUB"]
[SourceTitle "EXT 2001"]
[Source "ChessBase"]
[SourceDate "2000.11.22"]
[SourceVersion "1"]
[SourceVersionDate "2000.11.22"]
[SourceQuality "1"]

1. c4 e5 2. Nc3 Nf6 3. Nf3 Nc6 4. e3 d5 5. cxd5 Nxd5 6. Bb5 Nxc3 7. bxc3 Bd6 8. d4 exd4 9. cxd4 0-0 10. 0-0 Bg4 11. h3 Bh5 12. Be2 Qe7 13. Rb1 b6 14. Bb2 Nb4 15. Qb3 Bg6 16. Rbc1 Be4 17. Nd2 Bd5 18. Bc4 Qg5 19. Bxd5 Nxd5 20. Ne4 Qh5 21. Nxd6 cxd6 22. Ba3 Rfe8 23. Bxd6 Rad8 24. Be5 h6 25. e4 Nf6 26. Rfe1 Qg5 27. Rc7 Nd7 28. Bg3 h5 29. e5 Re6 30. Qe3 Qxe3 31. Rxe3 1-0